| 000 | 00365nam a2200133 a 4500 | ||
|---|---|---|---|
| 005 | 20141022141959.0 | ||
| 008 | 120229s19uu xx 00 eng d | ||
| 050 |
_aCD _bG13 2007 |
||
| 100 | _aGallagher, Rebecca | ||
| 245 |
_aExploring motion graphics / _cRebecca Gallagher, Andrea Moore Paldy. |
||
| 260 | _c2007. | ||
| 700 | _aPaldy, Andrea Moore | ||
| 942 | _cAVM | ||
| 999 |
_c276157 _d276157 |
||